00433nam a2200133Ia 4500008004100000082001300041100003300054245010000087260003900187300001400226520001100240650002800251700002000279230907s9999||||xx |||||||||||||| ||und|| a660bUSM aUsman Ali Khan (00000204272) 0aMetal Organic Framework derived CeO2/rGO/CeS2 composite as efficient supercapacitor electrode / aUSPCAS-E, NUST,bIslamabad :c2021 axv, 62 p. aTH-256 aMS ESE Thesis MS Thesis aDr Naseem Iqbal